| 000 | 00000nam##2200000za#4500 |
| 001 | 9.605209 |
| 003 | CaOODSP |
| 005 | 20240206145613 |
| 007 | cr ||||||||||| |
| 008 | 150406|2003||||xxc|||||o f|0| 0 fre|d |
| 040 | |aCaOODSP|bfre |
| 043 | |an-cn--- |
| 086 | 1 |aTU3-6/03-26F-PDF |
| 110 | 2 |aBureau de la sécurité des transports du Canada. |
| 245 | 10|aCollision dans un triage Chemin de fer Canadien Pacifique Wagon no HOKX 111044 Point milliaire 197,0 de la subdivision Belleville, Triage Toronto, Agincourt (Ontario), le 21 janvier 2003 |h[ressource électronique] |
| 260 | |aOttawa - Ontario : |bBureau de la sécurité des transports du Canada |c[2003]. |
| 300 | |a14p.|bfigures |
| 490 | 1 |aRapport d'enquête sur un accident ferroviaire |vR03T0026 |
| 590 | |a13-08-Supp|b2013-04-02 |
| 775 | 08|tYard collision - Canadian Pacific Railway Car No. HOKX 111044 Mile 197.0, Belleville Subdivision Toronto Yard, Agincourt, Ontario, 21 January 2003 |w(CaOODSP)9.575778 |
| 830 | #0|aRapport d'enquête sur un accident ferroviaire ;|vR03T0026|w(CaOODSP)9.501252 |
| 856 | 40|ahttp://publications.gc.ca|qPDF|s434 Ko|uhttps://publications.gc.ca/collections/collection_2013/bst-tsb/TU3-6-03-26-fra.pdf|yR03T0026 |